[Event "AUTO-OPEN-3766"]
[Site "http://www.queenalice.com/game.php?id=1464415"]
[Date "2017.2.13"]
[Round "1"]
[White "pomar"]
[Black "Sambafor"]
[Result "1/2-1/2"]
[WhiteElo "2117"]
[BlackElo "2200"]

1. f3 d5 2. Kf2 e5 3. e3 f5 4. c4 Nf6 5. cxd5 Nxd5 6. Qb3 c6 7. Nc3 Nxc3 8. bxc3
Qe7 9. Bb2 Be6 10. Bc4 Bxc4 11. Qxc4 Qf7 12. Qb3 Qxb3 13. axb3 Bd6 14. d4 O-O
15. Ne2 Nd7 16. g3 exd4 17. exd4 Nf6 18. Rhe1 a6 19. c4 Bb4 20. Bc3 Bxc3 21.
Nxc3 Rfe8 22. Re5 g6 23. Rae1 Kf7 24. d5 Rxe5 25. Rxe5 cxd5 26. Nxd5 Nxd5 27.
Rxd5 Re8 28. Rd7+ Re7 29. Rxe7+ Kxe7 30. Ke3 Kd6 31. Kd4 b6 32. f4 h6 33. h3 h5
34. h4 a5 35. Kd3 Kc5 36. Kc3 b5 37. cxb5 Kxb5 38. Kc2 Kc5 39. Kc3 1/2-1/2

[Event "AUTO-OPEN-3766"]
[Site "http://www.queenalice.com/game.php?id=1464416"]
[Date "2017.2.13"]
[Round "1"]
[White "Sambafor"]
[Black "miltonloviski"]
[Result "1-0"]
[WhiteElo "2212"]
[BlackElo "1939"]

1. d4 d5 2. c4 dxc4 3. Nc3 c6 4. e4 b5 5. d5 Bd7 6. dxc6 Bxc6 7. Qxd8+ Kxd8 8.
Nf3 f6 9. Nd4 Kd7 10. Be3 a6 11. Be2 e5 12. Nf5 g6 13. Ng3 h5 14. O-O-O+ Ke6 15.
Nd5 Bxd5 16. exd5+ Kf7 17. d6 Nd7 18. Bf3 Rd8 19. Bb7 Nb8 20. Bd5+ Kg7 21. Ne4
Nd7 22. Bb7 f5 23. Ng5 Kf6 24. f3 f4 25. Ne4+ Kg7 26. Bf2 Ngf6 27. Ng5 Rb8 28.
Bxa6 Ne8 29. Rd2 Nef6 30. Re1 Ne8 31. Ne6+ Kf6 32. Nc7 Nxd6 33. Red1 Rh7 34.
Rxd6+ Bxd6 35. Rxd6+ Ke7 36. Rxg6 Kf7 37. Rd6 Ke7 38. Rd5 Kf6 39. Bxb5 Nf8 40.
Ne8+ Ke6 41. Rd6+ 1-0

[Event "AUTO-OPEN-3766"]
[Site "http://www.queenalice.com/game.php?id=1464417"]
[Date "2017.2.13"]
[Round "1"]
[White "miltonloviski"]
[Black "Sambafor"]
[Result "1/2-1/2"]
[WhiteElo "1967"]
[BlackElo "2224"]

1. e4 g6 2. Nf3 Bg7 3. d4 d6 4. Nc3 Nc6 5. Bb5 Bd7 6. O-O e5 7. d5 Nce7 8. Bxd7+
Qxd7 9. a4 f5 10. Bg5 h6 11. Bxe7 Nxe7 12. Nd2 f4 13. b4 O-O 14. Nc4 b6 15. f3
a5 16. b5 g5 17. Ne2 h5 18. g3 Ng6 19. Kg2 g4 20. Ng1 fxg3 21. hxg3 Rf7 22. Ra3
Raf8 23. Nd2 gxf3+ 24. Raxf3 h4 25. Nh3 hxg3 26. Rxf7 Rxf7 27. Rxf7 Qxf7 28.
Kxg3 Bh6 29. Nf3 Bf4+ 30. Kf2 Kf8 31. Qg1 Nh4 32. Qg4 Nxf3 33. Qxf3 Bh6 34. Kg3
Qxf3+ 35. Kxf3 Ke7 36. Kg4 Kf6 37. Kh5 Bd2 38. Nf2 Bf4 39. Ng4+ Kg7 40. Nf2 Kf6
41. Kg4 Kg6 42. Kf3 Kh5 43. Nd3 Bg5 44. Ke2 Kg4 45. Kf2 Bh4+ 46. Ke2 Bg3 47. Nb2
Kf4 48. Kd3 Kf3 49. Nd1 Bf4 50. Nb2 Bc1 51. Nd1 Bf4 52. Nc3 Bc1 53. Ne2 Bb2 54.
Ng1+ Kg2 55. Ne2 Kf3 1/2-1/2

[Event "AUTO-MASTER-2564"]
[Site "http://www.queenalice.com/game.php?id=1464628"]
[Date "2017.2.15"]
[Round "1"]
[White "Pin"]
[Black "Sambafor"]
[Result "0-1"]
[WhiteElo "1974"]
[BlackElo "2201"]

1. e4 g6 2. Nf3 Bg7 3. d4 d6 4. Bc4 Nc6 5. c3 e5 6. d5 Nce7 7. Bb5+ Bd7 8. a4 a6
9. Be2 f5 10. Nbd2 Nf6 11. Qc2 O-O 12. O-O f4 13. c4 b6 14. b4 a5 15. c5 axb4
16. c6 Bg4 17. h3 Bh5 18. Re1 h6 19. Qc4 g5 20. Nh2 Bg6 21. f3 h5 22. Qxb4 Ra5
23. Nc4 Ra7 24. Bd2 Kh7 25. Qb5 Qb8 26. Reb1 Qa8 27. Nb2 g4 28. Nc4 gxh3 29.
gxh3 Nfxd5 30. exd5 Bxb1 31. Qxb1+ Kh6 32. Nb2 Nxd5 33. Qe4 Nf6 34. Qc2 Qc8 35.
Bf1 Qe6 36. Kh1 Ng8 37. Bd3 Ne7 38. Rg1 Nf5 39. Bxf5 Qxf5 40. Qb3 Qxh3 41. Qd3
Qf5 42. Qf1 d5 43. Qg2 Bf6 44. Nf1 Kh7 45. Bb4 Re8 46. Bc3 Raa8 47. Qh2 Rg8 48.
Nd2 Rxg1+ 49. Qxg1 Rg8 50. Qh2 Rg3 0-1

[Event "AUTO-MASTER-2564"]
[Site "http://www.queenalice.com/game.php?id=1464629"]
[Date "2017.2.15"]
[Round "1"]
[White "Sambafor"]
[Black "Pin"]
[Result "1-0"]
[WhiteElo "2200"]
[BlackElo "2024"]

1. d4 d5 2. c4 e6 3. Nc3 Nf6 4. Nf3 Be7 5. Bg5 O-O 6. e3 h6 7. Bh4 Ne4 8. Bxe7
Qxe7 9. Bd3 Nxc3 10. bxc3 c5 11. cxd5 exd5 12. O-O c4 13. Bc2 Bg4 14. h3 Be6 15.
Rb1 b6 16. Re1 Nd7 17. e4 Rab8 18. exd5 1-0

[Event "AUTO-MASTER-2564"]
[Site "http://www.queenalice.com/game.php?id=1464640"]
[Date "2017.2.15"]
[Round "1"]
[White "BEBADO"]
[Black "Sambafor"]
[Result "0-1"]
[WhiteElo "2222"]
[BlackElo "2187"]

1. e4 g6 2. d4 Bg7 3. Nc3 d6 4. f4 Nc6 5. Nf3 Bg4 6. Be3 Nf6 7. d5 Nb8 8. h3 Bd7
9. Qd2 c6 10. O-O-O O-O 11. g4 cxd5 12. exd5 Qa5 13. Kb1 Na6 14. Bd4 Nb4 15. g5
Ne4 0-1

[Event "AUTO-MASTER-2564"]
[Site "http://www.queenalice.com/game.php?id=1464641"]
[Date "2017.2.15"]
[Round "1"]
[White "Sambafor"]
[Black "BEBADO"]
[Result "1/2-1/2"]
[WhiteElo "2198"]
[BlackElo "2286"]

1. d4 Nf6 2. c4 c5 3. d5 b5 4. cxb5 a6 5. bxa6 Bxa6 6. Nc3 g6 7. e4 Bxf1 8. Kxf1
d6 9. Nf3 Bg7 10. g3 O-O 11. Kg2 Nbd7 12. Qc2 Qa5 13. Bd2 Rfb8 14. h3 Ne8 15. a4
Qb6 16. Nb5 Nc7 17. Nxc7 Qxc7 18. Bc3 Bxc3 19. bxc3 Rb7 20. Rhb1 Rba7 21. Ra3
Nb6 22. Rba1 Nc4 23. R3a2 Rb8 24. Nd2 Nxd2 25. Qxd2 Qa5 26. Qc2 Rab7 27. Rc1 Rb3
28. Qd3 f6 29. h4 Kg7 30. Qd2 h5 31. f3 1/2-1/2

[Event "AUTO-MASTER-2564"]
[Site "http://www.queenalice.com/game.php?id=1464646"]
[Date "2017.2.15"]
[Round "1"]
[White "betanio"]
[Black "Sambafor"]
[Result "1-0"]
[WhiteElo "2558"]
[BlackElo "2201"]

1. e4 g6 2. d4 Bg7 3. Nc3 d6 4. Nf3 c6 5. h3 Nd7 6. Be2 Ngf6 7. O-O O-O 8. Be3
e5 9. dxe5 Nxe5 10. Qd2 Nxf3+ 11. Bxf3 Qe7 12. Rad1 Rd8 13. Bg5 Be6 14. b3 Rd7
15. Qf4 Rad8 16. Rfe1 h6 17. Bxh6 Nh7 18. Bxg7 Kxg7 19. Be2 Qf6 20. Qe3 a6 21.
f4 d5 22. Qg3 dxe4 23. Nxe4 Qb2 24. Bd3 Bf5 25. Nc5 Qd4+ 26. Qf2 Qxf2+ 27. Kxf2
Rc7 28. Bxf5 Rxd1 29. Rxd1 gxf5 30. Rd7 Rxd7 31. Nxd7 Nf6 32. Nxf6 Kxf6 33. Kf3
a5 34. Ke3 b6 35. g4 c5 36. g5+ Kg6 37. Kd3 b5 38. a4 1-0

[Event "AUTO-MASTER-2564"]
[Site "http://www.queenalice.com/game.php?id=1464647"]
[Date "2017.2.15"]
[Round "1"]
[White "Sambafor"]
[Black "betanio"]
[Result "0-1"]
[WhiteElo "2207"]
[BlackElo "2504"]

1. d4 Nf6 2. c4 c5 3. d5 b5 4. cxb5 a6 5. bxa6 e6 6. dxe6 fxe6 7. e3 Bxa6 8.
Bxa6 Nxa6 9. Nf3 Be7 10. O-O O-O 11. Nc3 d5 12. a3 c4 13. Bd2 Nc5 14. Nd4 e5 15.
Nf3 Nb3 16. Rb1 d4 17. exd4 exd4 18. Ne2 Ne4 19. Bb4 Bxb4 20. axb4 Rxf3 21. gxf3
Ned2 22. Kg2 Qd5 23. Ng3 Rf8 24. Re1 Nxf3 25. Re4 Nbd2 0-1

[Event "AUTO-OPEN-3801"]
[Site "http://www.queenalice.com/game.php?id=1477904"]
[Date "2017.5.13"]
[Round "1"]
[White "Sambafor"]
[Black "CamiloPDominicini"]
[Result "0-1"]
[WhiteElo "2160"]
[BlackElo "2244"]

1. d4 e6 2. c4 d5 3. Nc3 dxc4 4. e4 Bb4 5. Bxc4 Nf6 6. Qd3 Nc6 7. Ne2 Bxc3+ 8.
bxc3 O-O 9. O-O Na5 10. Bb5 a6 11. Ba4 Bd7 12. Bc2 Bc6 13. Ng3 Bb5 14. Qf3 Bxf1
15. Nxf1 c5 16. Qd3 Nd7 17. e5 g6 18. Bh6 Re8 19. Qe3 cxd4 20. cxd4 Nb6 21. Bg5
Nd5 22. Qg3 Qb6 23. Qh4 Nc6 24. Rd1 Rac8 25. Bb3 Nc3 26. Rd3 Ne2+ 27. Kh1 h5 28.
Qe4 Nexd4 29. Be3 Rcd8 30. Ng3 Qa5 31. h3 h4 32. Qxh4 Ne2 33. Rxd8 Qe1+ 0-1

[Event "AUTO-OPEN-3801"]
[Site "http://www.queenalice.com/game.php?id=1477905"]
[Date "2017.5.13"]
[Round "1"]
[White "CamiloPDominicini"]
[Black "Sambafor"]
[Result "1-0"]
[WhiteElo "2138"]
[BlackElo "2218"]

1. d4 g6 2. e4 Bg7 3. Nf3 d6 4. c4 Bg4 5. Be2 Nc6 6. Nc3 Bxf3 7. Bxf3 e5 8. dxe5
Nxe5 9. Be2 Ne7 10. Bg5 O-O 11. O-O h6 12. Be3 f5 13. f4 N5c6 14. Bf3 Qe8 15.
Re1 fxe4 16. Bxe4 Nf5 17. Bxa7 Qd7 18. Bf2 Rae8 19. Bd5+ Kh8 20. Qd2 Nce7 21.
Be6 Qc6 22. g4 1-0

[Event "AUTO-OPEN-3801"]
[Site "http://www.queenalice.com/game.php?id=1477906"]
[Date "2017.5.13"]
[Round "1"]
[White "Sambafor"]
[Black "gomague"]
[Result "1-0"]
[WhiteElo "2151"]
[BlackElo "1801"]

1. d4 d5 2. c4 e6 3. Nc3 Nf6 4. Nf3 Bb4 5. Bg5 h6 6. Bxf6 Bxc3+ 7. bxc3 gxf6 8.
e3 Bd7 9. Bd3 dxc4 10. Bxc4 Bc6 11. Qe2 Nd7 12. O-O Rg8 13. e4 Nb6 14. Bd3 Bd7
15. e5 f5 16. Nd2 Bc6 17. f3 Qg5 18. Nb3 Nd5 19. Qc2 Ne3 20. Qd2 Nxf1 21. Rxf1
Qxd2 22. Nxd2 O-O-O 23. Rf2 b6 24. Nf1 h5 25. Ng3 Rg5 26. f4 Rg6 27. Nxh5 Rdg8
28. Bf1 a5 29. Nf6 Rh8 30. g3 Rhh6 31. Bc4 b5 32. Bb3 a4 33. Bc2 Rxf6 34. exf6
Rxf6 35. Bd3 Bd7 36. Rb2 c6 37. c4 bxc4 38. Bxc4 Rh6 39. Rb4 Kc7 40. Rxa4 Bc8
41. Ra7+ Kb6 42. Rxf7 c5 43. dxc5+ Kc6 44. Rf8 Bd7 45. Rf7 Kxc5 46. Rxd7 Kxc4
47. Rb7 1-0

[Event "AUTO-OPEN-3801"]
[Site "http://www.queenalice.com/game.php?id=1477907"]
[Date "2017.5.13"]
[Round "1"]
[White "gomague"]
[Black "Sambafor"]
[Result "0-1"]
[WhiteElo "1887"]
[BlackElo "2216"]

1. e4 g6 2. d4 Bg7 3. Nf3 d6 4. Nc3 Nc6 5. Bb5 Bd7 6. O-O e5 7. Bxc6 Bxc6 8. Re1
Ne7 9. dxe5 dxe5 10. Qxd8+ Rxd8 11. Bg5 h6 12. Bxe7 Kxe7 13. Rad1 Rxd1 14. Rxd1
Rd8 15. Rxd8 Kxd8 16. Kf1 Ke7 17. b3 f5 18. Nd2 Ke6 19. exf5+ gxf5 20. Ncb1 Kd5
21. Ke2 e4 22. a4 f4 23. Nc4 Bxa4 24. Nba3 Bd7 25. Nd2 Bf8 26. c4+ Kd4 27. Nc2+
Ke5 28. h3 a6 29. Nf1 b5 30. cxb5 Bxb5+ 31. Ke1 Bd3 32. Na1 Bb4+ 0-1

[Event "AUTO-OPEN-3801"]
[Site "http://www.queenalice.com/game.php?id=1477908"]
[Date "2017.5.13"]
[Round "1"]
[White "Sambafor"]
[Black "Alex_ac"]
[Result "1-0"]
[WhiteElo "2235"]
[BlackElo "1482"]

1. d4 d5 2. c4 c6 3. Nc3 h6 4. Nf3 Nf6 5. Bf4 Nbd7 6. e3 g6 7. Bd3 Bg7 8. O-O
O-O 9. c5 b6 10. b4 a5 11. a3 axb4 12. axb4 Rxa1 13. Qxa1 Ne8 14. Qa7 e5 15.
dxe5 Qc7 16. Ra1 bxc5 17. bxc5 Nxc5 18. Qxc5 Bg4 19. e6 Qc8 20. e7 1-0

[Event "AUTO-OPEN-3801"]
[Site "http://www.queenalice.com/game.php?id=1477909"]
[Date "2017.5.13"]
[Round "1"]
[White "Alex_ac"]
[Black "Sambafor"]
[Result "0-1"]
[WhiteElo "1480"]
[BlackElo "2236"]

1. Nf3 d5 2. d4 g6 3. g3 Bg7 4. h3 Nc6 5. c3 e5 6. Bg2 e4 7. Nfd2 f5 8. O-O Nf6
9. f3 O-O 10. b3 Be6 11. c4 dxc4 12. bxc4 Nxd4 13. fxe4 fxe4 14. Na3 Qd7 15.
Bxe4 Nxe4 16. Nxe4 Bxh3 17. Rxf8+ Rxf8 18. e3 Nf3+ 19. Qxf3 Rxf3 20. Nc5 Qd1+
21. Kh2 Qf1 0-1

[Event "AUTO-MASTER-2593"]
[Site "http://www.queenalice.com/game.php?id=1477976"]
[Date "2017.5.13"]
[Round "1"]
[White "Sambafor"]
[Black "Strogonoff"]
[Result "1-0"]
[WhiteElo "2206"]
[BlackElo "2005"]

1. d4 d5 2. c4 e6 3. Nf3 Bb4+ 4. Bd2 Bxd2+ 5. Nbxd2 Nf6 6. e3 dxc4 7. Bxc4 Nc6
8. O-O O-O 9. a3 Re8 10. b4 a6 11. Qe2 b5 12. Bd3 e5 13. Nxe5 Nxe5 14. dxe5 Rxe5
15. Nf3 Rd5 16. Rfd1 Qe7 17. Nd4 Bb7 18. Nf5 Qe6 19. Nd4 Qd6 20. Bc2 Rh5 21. g3
Qd5 22. f3 Ng4 23. e4 Qd7 24. fxg4 1-0

[Event "AUTO-MASTER-2593"]
[Site "http://www.queenalice.com/game.php?id=1477977"]
[Date "2017.5.13"]
[Round "1"]
[White "Strogonoff"]
[Black "Sambafor"]
[Result "1-0"]
[WhiteElo "1951"]
[BlackElo "2179"]

1. e4 g6 2. d4 Bg7 3. Nf3 d6 4. Nc3 Nc6 5. Bb5 Bd7 6. Bf4 a6 7. Bxc6 Bxc6 8. Qd3
e6 9. O-O Ne7 10. e5 d5 11. Bg5 h6 12. Bxe7 Qxe7 13. a4 O-O 14. Ne2 Bd7 15. c4
c5 16. cxd5 exd5 17. dxc5 Qxc5 18. Ng3 Bc6 19. Rac1 Qb4 20. b3 Qf4 21. Ne2 Qg4
22. Qd4 Qe6 23. Nf4 Qd7 24. Rcd1 Rad8 25. Rd2 g5 26. Nh5 Bh8 27. Re1 Qf5 28. Ng3
Qg6 29. Qd3 Qxd3 30. Rxd3 f5 31. Nd4 f4 32. Ngf5 Kh7 33. Rh3 Bg7 34. Nxg7 Kxg7
35. Ne6+ Kg6 36. Nxd8 Rxd8 37. g4 fxg3 38. Rxg3 Kf5 39. e6 Re8 40. Rf3+ Kg6 41.
e7 g4 42. Rf4 h5 43. f3 Kg5 44. Rf8 gxf3 45. Rxe8 Bxe8 46. Kf2 Kg4 47. Re3 b5
48. Re5 bxa4 49. bxa4 Kf4 50. Rxd5 Bxa4 51. Rd4+ 1-0

[Event "AUTO-MASTER-2593"]
[Site "http://www.queenalice.com/game.php?id=1477978"]
[Date "2017.5.13"]
[Round "1"]
[White "Sambafor"]
[Black "colognestar"]
[Result "0-1"]
[WhiteElo "2152"]
[BlackElo "2204"]

1. d4 d6 2. c4 Nf6 3. Nc3 Nbd7 4. e4 e5 5. d5 Nc5 6. Qc2 a5 7. Bd3 c6 8. Nge2
Be7 9. O-O O-O 10. Bd2 Bd7 11. a3 Qc7 12. b4 Nxd3 13. Qxd3 Rfc8 14. f4 cxd5 15.
cxd5 axb4 16. axb4 Rxa1 17. Rxa1 Qc4 18. Qb1 Bd8 19. f5 Bb6+ 20. Kh1 Ng4 21. h3
Nf2+ 22. Kh2 h6 23. Qa2 Qd3 24. Nc1 Qd4 25. N1e2 Qc4 26. Qb1 g6 27. fxg6 fxg6
28. Bxh6 Bd4 29. Bd2 Kg7 30. Nxd4 exd4 31. Nd1 Nxh3 32. Ra7 Rh8 33. Rxb7 Nf4+
34. Kg3 Ne2+ 35. Kf2 Rf8+ 36. Ke1 Ng3 37. Rxd7+ Kh8 0-1

[Event "AUTO-MASTER-2593"]
[Site "http://www.queenalice.com/game.php?id=1477979"]
[Date "2017.5.13"]
[Round "1"]
[White "colognestar"]
[Black "Sambafor"]
[Result "1-0"]
[WhiteElo "2213"]
[BlackElo "2237"]

1. d4 g6 2. Bf4 Bg7 3. e3 d6 4. Nf3 Nc6 5. Nbd2 e6 6. c3 f5 7. h4 Nf6 8. Be2 Nd5
9. Bg5 Nf6 10. h5 Ne7 11. h6 Kf7 12. hxg7 Kxg7 13. Qc2 h6 14. Bxf6+ Kxf6 15.
O-O-O Bd7 16. e4 c5 17. dxc5 dxc5 18. exf5 exf5 19. Nc4 Qc7 20. Qd2 Be6 21. Rxh6
b5 22. Nce5 Qa5 23. Qg5+ 1-0

[Event "AUTO-MASTER-2593"]
[Site "http://www.queenalice.com/game.php?id=1477980"]
[Date "2017.5.13"]
[Round "1"]
[White "Sambafor"]
[Black "CamiloPDominicini"]
[Result "0-1"]
[WhiteElo "2204"]
[BlackElo "2156"]

1. d4 e6 2. c4 d5 3. Nc3 dxc4 4. e4 Bb4 5. Bxc4 Nc6 6. Be3 Nf6 7. Qd3 Na5 8.
Bb5+ c6 9. Ba4 b5 10. Bc2 Nc4 11. Rb1 Ng4 12. Ne2 Ncxe3 13. fxe3 Qg5 14. O-O
Qxe3+ 15. Qxe3 Nxe3 16. Rfc1 e5 17. Kf2 Ng4+ 18. Kg3 exd4 19. Nxd4 Bd6+ 20. Kf3
Nxh2+ 21. Kf2 Ng4+ 22. Kg1 Bf4 23. Re1 Be3+ 0-1

[Event "AUTO-MASTER-2593"]
[Site "http://www.queenalice.com/game.php?id=1477981"]
[Date "2017.5.13"]
[Round "1"]
[White "CamiloPDominicini"]
[Black "Sambafor"]
[Result "1-0"]
[WhiteElo "2183"]
[BlackElo "2191"]

1. d4 g6 2. c4 Bg7 3. e3 d6 4. Nf3 Nc6 5. Nc3 e5 6. dxe5 Nxe5 7. Nxe5 Bxe5 8.
Bd2 Ne7 9. Bd3 O-O 10. Qb3 b6 11. f4 Bg7 12. O-O Bb7 13. Nd5 c6 14. Nc3 d5 15.
cxd5 Nxd5 16. Rad1 Bxc3 17. bxc3 Qe7 18. f5 Rad8 19. e4 Nf6 20. Bg5 Qc5+ 21. Kh1
Ng4 22. Bxd8 Nf2+ 23. Rxf2 Qxf2 24. Bc4 b5 25. Bxf7+ Kg7 26. Bf6+ Kxf6 27. Qe6+
Kg7 28. Bxg6 hxg6 29. Rd7+ 1-0